000 00920cab a2200277 4500
001 ABS49935
008 090401t1993 xxu||||| |||| 00| 0 eng d
035 _a(Sirsi) u73385
041 _aeng
100 _aRiley, M.
245 _aCommercial property lending : confidence survey
260 _c1993
350 _a0
490 _aJournal of Property Finance
_v4(3/4) 1993, 45-51(4)
520 _aSummarises the results of the Chesterton Financial/CSW Confidence Barometer which measures optimism/pessimism in the commercial property lending market.
650 _aBAD DEBT
650 _aBANK LENDING
650 _aCHESTERTON FINANCIAL / CSW CONFIDENCE BAROMETER
650 _aPROPERTY CONFIDENCE
650 _aPROPERTY LENDING
650 _aRECEIVERSHIP
690 _aPROPERTY-COMMERCIAL PROPERTY-COMMERCIAL PROPERTY FINANCE AND INVESTMENT
700 _aIsaac, D.
942 _n0
948 _c04/03/1997
999 _c46402
_d46402